Movies Quiz

Random Movies or Disney Quiz

Disney Renaissance Quiz Stats

 Plays Quiz not verified by Sporcle

Challenge
Share
Tweet
Embed
Score 0/101 Timer 10:00
0 Plays Today
% Correct
The Little Mermaid
100%
Pocahontas
100%
Pocahontas
100%
Beauty and the Beast
98.7%
Mulan
98.7%
Ursula
98.7%
Mulan
98.7%
Beauty and the Beast
98.7%
Aladdin
97.4%
Hercules
97.4%
Gaston
97.4%
Ariel
97.4%
Belle
97.4%
Aladdin
97.4%
Hercules
97.4%
Belle
97.4%
Gaston
97.4%
The Lion King
96.2%
The Hunchback of Notre Dame
96.2%
Tarzan
96.2%
Jafar
96.2%
Scar
96.2%
Hades
96.2%
Simba
96.2%
Tarzan
96.2%
Under the Sea
96.2%
Quasimodo
93.6%
Part of Your World
93.6%
Terk (or Terkana) and Tantor
93.6%
Judge Claude Frollo
92.3%
Kiss the Girl
92.3%
Clayton
91%
Circle of Life
91%
Flounder, Sebastian, and Scuttle
89.7%
% Correct
A Whole New World
88.5%
Governor Ratcliffe
87.2%
Hakuna Matata
85.9%
Colors of the Wind
85.9%
Timon and Pumbaa
85.9%
Iago
85.9%
I Just Can't Wait to Be King
84.6%
Can You Feel the Love Tonight
84.6%
Lumiere, Cogsworth, Mrs. Potts, and Chip
84.6%
Abu, Genie, Carpet, and Rajah
84.6%
Flit and Meeko
84.6%
Pegasus and Philoctetes
84.6%
Mushu and Cri-Kee
84.6%
The Rescuers Down Under
83.3%
Be Our Guest
83.3%
Friend Like Me
83.3%
Be Prepared
83.3%
Just Around the Riverbend
83.3%
Shan Yu
82.1%
Something There
82.1%
One Jump Ahead
82.1%
Prince Ali
82.1%
Pain and Panic
82.1%
Shenzi, Banzai, and Ed
80.8%
Poor Unfortunate Souls
79.5%
I'll Make a Man Out of You
79.5%
You'll Be in My Heart
79.5%
Reflection
78.2%
Flotsam and Jetsam
78.2%
Zero to Hero
76.9%
Le Fou
76.9%
Bernard and Miss Bianca
75.6%
Go the Distance
75.6%
Arabian Nights
74.4%
% Correct
The Mob Song
73.1%
Heaven's Light (Hellfire)
73.1%
I Won't Say (I'm in Love)
73.1%
God Help the Outcasts
70.5%
Honor to Us All
70.5%
A Girl Worth Fighting For
70.5%
Two Worlds
70.5%
Strangers Like Me
70.5%
Daughters of Triton
69.2%
Mine, Mine, Mine
67.9%
Savages
67.9%
The Gospel Truth
67.9%
Victor, Hugo, and Laverne
67.9%
Percy and Wiggins
66.7%
Out There
65.4%
A Star is Born
65.4%
Son of Man
65.4%
Trashin' the Camp
65.4%
Fathoms Below
64.1%
The Bells of Notre Dame
64.1%
Les Poissons
62.8%
Topsy Turvy
62.8%
One Last Hope
61.5%
The Virginia Company
60.3%
Steady as the Beating Drum
60.3%
Percival C. McLeach
55.1%
If I Never Knew You
55.1%
Joanna
55.1%
A Guy Like You
52.6%
The Court of Miracles
50%
Someday
47.4%
True to Your Heart
46.8%
Listen with Your Heart
46.2%

You're not logged in!

Compare scores with friends on all Sporcle quizzes.
Join for Free
OR
Log In

You Might Also Like...

Show Comments

Extras

Created Jan 21, 2017ReportNominate
Tags:Disney Quiz, renaissance

Top Quizzes Today


Score Distribution

Your Account Isn't Verified!

In order to create a playlist on Sporcle, you need to verify the email address you used during registration. Go to your Sporcle Settings to finish the process.

Report this User

Report this user for behavior that violates our Community Guidelines.

Details: